000 00353nam a2200157Ia 4500
003 OSt
005 20240306114411.0
008 170523s9999 xx 000 0 und d
020 _a978-8171694631
040 _ciimtu meerut
100 _aSINGH- SK
245 0 _aDICTIONARY OF MANAGEMENT
260 _bCOMMON WEALTH
260 _c2003
942 _2ddc
_c02
999 _c1032
_d1032